Types of Dance - Statistics

General Stats
  • This quiz has been taken 725 times
  • The average score is 6 of 9
Answer Stats
Hint Answer % Correct
A classical dance form demanding grace and precision Ballet
96%
A dance performed wearing shoes fitted with metal taps, characterized by rhythmical tapping of the toes and heels Tap
91%
Includes a wide range of styles notably breaking, locking, and popping which were developed in the 1970s by Black and Latino Americans Hip-Hop
83%
Formal social dancing in couples, popular as a recreation and also as a competitive activity, including the waltz, cha-cha, and foxtrot Ballroom
69%
A Middle Eastern dance in which the dancer makes sensuous movements of the hips and abdomen Belly Dance
68%
Dance marked by movement isolations Jazz
66%
Means "on the tips of the toes" and is a part of classical ballet technique Pointe
65%
A free, expressive style of dancing started in the early 20th century as a reaction to classical ballet Modern
57%
A dance style that combines elements of ballet, modern, and jazz dance techniques Lyrical
52%
No matching quizzes found
Score Distribution
Percent of People with Each Score
Percentile by Number Answered
Your Score History
You have not taken this quiz